Oscar du meilleur acteur (1991-2025) - Statistiques

Statistiques générales
  • Ce quiz a été pris 68 fois
  • Le résultat moyen est 19 sur 30
Statistiques - réponses
Par images Réponse % Correct
Jean Dujardin
98%
Leonardo DiCaprio
98%
Tom Hanks
96%
Anthony Hopkins
89%
Joaquin Phoenix
87%
Al Pacino
85%
Cillian Murphy
83%
Will Smith
83%
Jack Nicholson
80%
Nicolas Cage
80%
Denzel Washington
78%
Adrien Brody
74%
Rami Malek
70%
Sean Penn
70%
Russell Crowe
69%
Daniel Day-Lewis
65%
Kevin Spacey
63%
Jamie Foxx
54%
Roberto Benigni
54%
Casey Affleck
52%
Forrest Whitaker
52%
Matthew McConaughey
52%
Colin Firth
46%
Philip Seymour Hoffman
46%
Gary Oldman
44%
Eddie Redmayne
37%
Brendan Fraser
35%
Jeff Bridges
31%
Jeremy Irons
30%
Geoffrey Rush
13%
Aucun quiz correspondant
Distribution des résultats
% des personnes avec chaque résultat
Percentile par nombre de réponses
Votre historique - résultats
Vous n’avez pas pris ce quiz